The impact of ebusiness on the City of London office market (Record no. 103845)
[ view plain ]
| 000 -LEADER | |
|---|---|
| fixed length control field | 01745cam a2200349 4500 |
| 008 - FIXED-LENGTH DATA ELEMENTS--GENERAL INFORMATION | |
| fixed length control field | 041116n2004 000 0 eng u |
| 020 ## - INTERNATIONAL STANDARD BOOK NUMBER | |
| International Standard Book Number | 1904388329 |
| 035 ## - SYSTEM CONTROL NUMBER | |
| System control number | (Sirsi) u127979 |
| 041 ## - LANGUAGE CODE | |
| Language code of text/sound track or separate title | eng |
| 050 ## - LIBRARY OF CONGRESS CALL NUMBER | |
| Classification number | 333.3374212 |
| -- | 18 |
| 100 ## - MAIN ENTRY--PERSONAL NAME | |
| Personal name | Dixon, Tim |
| 245 #4 - TITLE STATEMENT | |
| Title | The impact of ebusiness on the City of London office market |
| Remainder of title | 2003 survey - research report |
| 260 ## - PUBLICATION, DISTRIBUTION, ETC. | |
| Place of publication, distribution, etc. | Reading |
| Name of publisher, distributor, etc. | College of Estate Management |
| Date of publication, distribution, etc. | 2004 |
| 300 ## - PHYSICAL DESCRIPTION | |
| Extent | iv, 40p. |
| Dimensions | 30cm. |
| 350 ## - PRICE (NR) (BK AM CF MU VM SE) [OBSOLETE] | |
| Price | 45 |
| 490 ## - SERIES STATEMENT | |
| Series statement | College of Estate Management Research Report |
| 520 ## - SUMMARY, ETC. | |
| Summary, etc. | Presents the findings from a major survey of City of London occupiers conducted in late 2003 by the College of Estate Management. The aim of the research was to build on the 2002 survey (ISBN 1899769994) and examine how ebusiness was driving process change amongst City office occupiers. Looks at how ebusiness may affect locational and office space requirements in future, and considers the implications of increased homeworking. View at www.cem.ac.uk. |
| 650 ## - SUBJECT ADDED ENTRY--TOPICAL TERM | |
| Topical term or geographic name entry element | PROPERTY-COMMERCIAL PROPERTY-OFFICE PROPERTY-OFFICE PROPERTY MARKET |
| 650 ## - SUBJECT ADDED ENTRY--TOPICAL TERM | |
| Topical term or geographic name entry element | HOMEWORKING |
| 650 ## - SUBJECT ADDED ENTRY--TOPICAL TERM | |
| Topical term or geographic name entry element | OFFICE SUPPLY |
| 650 ## - SUBJECT ADDED ENTRY--TOPICAL TERM | |
| Topical term or geographic name entry element | EBUSINESS |
| 650 ## - SUBJECT ADDED ENTRY--TOPICAL TERM | |
| Topical term or geographic name entry element | CITY OF LONDON |
| 650 ## - SUBJECT ADDED ENTRY--TOPICAL TERM | |
| Topical term or geographic name entry element | MANAGEMENT-BUSINESS MANAGEMENT-INFORMATION MANAGEMENT |
| 690 ## - LOCAL SUBJECT ADDED ENTRY--TOPICAL TERM (OCLC, RLIN) | |
| Topical term or geographic name as entry element | PROPERTY-COMMERCIAL PROPERTY-COMMERCIAL PROPERTY MARKET |
| 700 ## - ADDED ENTRY--PERSONAL NAME | |
| Personal name | Marston, Andrew |
| 710 ## - ADDED ENTRY--CORPORATE NAME | |
| Corporate name or jurisdiction name as entry element | College of Estate Management |
| 9 (RLIN) | 400 |
| 710 ## - ADDED ENTRY--CORPORATE NAME | |
| Corporate name or jurisdiction name as entry element | British Council for Offices |
| 9 (RLIN) | 3992 |
| 710 ## - ADDED ENTRY--CORPORATE NAME | |
| Corporate name or jurisdiction name as entry element | Royal Institution of Chartered Surveyors |
| Subordinate unit | Education Trust |
| 9 (RLIN) | 47 |
| 710 ## - ADDED ENTRY--CORPORATE NAME | |
| Corporate name or jurisdiction name as entry element | Harold Samuel Trust |
| 9 (RLIN) | 4666 |
| 856 ## - ELECTRONIC LOCATION AND ACCESS | |
| Uniform Resource Identifier | <a href="https://www.cem.ac.uk/research/reports_2004.asp">https://www.cem.ac.uk/research/reports_2004.asp</a> |
| Public note | View the research report on the College of Estate Management website... |
| 942 ## - ADDED ENTRY ELEMENTS (KOHA) | |
| Suppress in OPAC | 0 |
| Withdrawn status | Lost status | Source of classification or shelving scheme | Damaged status | Not for loan | Home library | Current library | Shelving location | Date acquired | Cost, normal purchase price | Total Checkouts | Full call number | Barcode | Date last seen | Copy number | Cost, replacement price | Price effective from | Koha item type |
|---|---|---|---|---|---|---|---|---|---|---|---|---|---|---|---|---|---|
| Other/Generic Classification Scheme | London | London | Basement | 08/12/2004 | 45.00 | BASEMENT | 30069789 | 06/08/2019 | 1 | 45.00 | 06/08/2019 | Book |